Science Quiz

Random Science or Color Quiz

Find the Green Animals Quiz Stats

 Plays Quiz Updated Sep 21, 2018

Score 0/20 Timer 04:00
9 Plays Today
% Correct
Green Huntsman Spider
92.9%
Luna Moth
92.1%
Katydid|Bush Cricket
89.4%
Red-Eyed Tree Frog
88.7%
Praying Mantis
88.6%
Green Moray Eel
85.4%
African Bullfrog
83.3%
Northland Green Gecko
82.8%
Green Iguana
82.2%
Three-Horned Chameleon
78.4%
% Correct
Mahi-Mahi
78.3%
Emerald Tree Boa
74.6%
Green Anaconda
71.9%
Eastern Green Mamba
71.1%
Green Bee-Eater
66%
Javan Green Magpie
65.7%
Green Broadbill
62.3%
European Green Toad
59.1%
Plumed Basilisk
58.4%
Harlequin Ghost Pipefish
55.4%

You're not logged in!

Compare scores with friends on all Sporcle quizzes.
OR
Log In

Sporcle TV

Today on Sporcle TV


Watch our educational content, quiz creation guides, and fun videos on Sporcle TV.

Show Comments

Extras

Top Quizzes Today


Score Distribution

Your Account Isn't Verified!

In order to create a playlist on Sporcle, you need to verify the email address you used during registration. Go to your Sporcle Settings to finish the process.

Report this User

Report this user for behavior that violates our Community Guidelines.

Details: